Normal view
MARC view
- Dr. Anwar Ul Haq, Anjum Tauqir, A Q Khan
Entry Personal Name
001 - CONTROL NUMBER
- control field: 127754
003 - CONTROL NUMBER IDENTIFIER
- control field: NUST
005 - DATE AND TIME OF LATEST TRANSACTION
- control field: 20250130123810.0
008 - FIXED-LENGTH DATA ELEMENTS
- fixed length control field: 250130|| aca||aabn | a|a d
040 ## - CATALOGING SOURCE
- Original cataloging agency: NUST
- Transcribing agency: NUST
100 ## - HEADING--PERSONAL NAME
- Personal name: Dr. Anwar Ul Haq, Anjum Tauqir, A Q Khan
670 ## - SOURCE DATA FOUND
- Source citation: Work cat.: (NUST)565544: Dr. Anwar Ul Haq, Anjum Tauqir, A Q Khan, Phase Transformations -96 /, 1996
